Online katalóg knižníc regiónu Turca

Moja kniha pokusov - Voda (Record no. 21634)

MARC details
000 -LEADER
fixed length control field 00969nam a2200337 a 4500
001 - CONTROL NUMBER
control field 21634
003 - CONTROL NUMBER IDENTIFIER
control field VRT
005 - DATE AND TIME OF LATEST TRANSACTION
control field 20260307095915.0
008 - FIXED-LENGTH DATA ELEMENTS--GENERAL INFORMATION
fixed length control field 950616s1992 xo a 000 1 slo c
020 ## - INTERNATIONAL STANDARD BOOK NUMBER
International Standard Book Number 8071500593
Terms of availability 59.00
035 ## - SYSTEM CONTROL NUMBER
System control number UKB000022484
040 ## - CATALOGING SOURCE
Original cataloging agency BAA001
Language of cataloging slo
Transcribing agency BAA001
Description conventions AACR2
041 1# - LANGUAGE CODE
Language code of text/sound track or separate title slo
044 ## - COUNTRY OF PUBLISHING/PRODUCING ENTITY CODE
MARC country code xo
ISO country code SK
080 ## - UNIVERSAL DECIMAL CLASSIFICATION NUMBER
Universal Decimal Classification number 556.001.4(02.053.2)=03
100 1# - MAIN ENTRY--PERSONAL NAME
Personal name Ardley, Neil
245 00 - TITLE STATEMENT
Title Moja kniha pokusov - Voda
Remainder of title Fotogr.Clive Streeter.Z angl.orig.prel. Peter Gomolčák.
260 ## - PUBLICATION, DISTRIBUTION, ETC.
Place of publication, distribution, etc. Bratislava
Name of publisher, distributor, etc. Champagne Avantgarde
Date of publication, distribution, etc. 1992
300 ## - PHYSICAL DESCRIPTION
Extent 29 s.
490 1# - SERIES STATEMENT
Series statement Moja kniha pokusov
Volume/sequential designation zv.1
500 ## - GENERAL NOTE
General note Frontsp
653 ## - INDEX TERM--UNCONTROLLED
Uncontrolled term 556.001.4(02.053.2)=03
700 1# - ADDED ENTRY--PERSONAL NAME
Personal name Gomolčák, Peter
700 1# - ADDED ENTRY--PERSONAL NAME
Personal name Streeter, Clive
760 1# - MAIN SERIES ENTRY
Title Moja kniha pokusov
Related parts zv.1
830 #0 - SERIES ADDED ENTRY--UNIFORM TITLE
Uniform title Moja kniha pokusov
Volume/sequential designation zv.1
910 ## - USER-OPTION DATA (OCLC)
User-option data ukb
942 ## - ADDED ENTRY ELEMENTS (KOHA)
Source of classification or shelving scheme Dewey Decimal Classification
Koha item type Odborná literatúra pre deti
Suppress in OPAC No
949 ## - LOCAL PROCESSING INFORMATION (OCLC)
6 1800087798
a 30.D.49243
b PV.9981-92
949 ## - LOCAL PROCESSING INFORMATION (OCLC)
6 1800613811
a SL.D.16200
b PV.9982-92
Holdings
Stav vyradenia Strata Poškodenie Spôsob nadobudnutia Domovská knižnica Aktuálna knižnica Dátum nadobudnutia Total checkouts Čiarový kód exemplára Date last seen Typ exemplára
      Dar Obecná knižnica Horná Štubňa Obecná knižnica Horná Štubňa 07.03.2026   4736201711 07.03.2026 Odborná literatúra pre deti
Projekt je podporený Slovenskou asociáciou knižníc
Prevádzkuje Turčianska knižnica Martin 2026